Nennen Sie einen Twitch Streamer (Benutzernamen) A-Z - Statistiken

Allgemein
  • Dieses Quiz wurde 1.380 mal gespielt
  • Das Durchschnittsergebnis liegt bei 8 aus 25
Antworten auf der Karte
Die Antworten werden auf der Karte rot bzw. grün angezeigt, abhängig davon wie oft sie richtig erraten wurden.
 
Antwortstatistiken
Buchstabe Land % Korrekt
P PAPAPLATTE | PIETSMIET | PHUNKROYAL | PRIMELEAGUE | PLAYSLOTGAMESDE | PLAYERSLOTGAMESGER
83%
M MONTANABLACK88 | MCKYTV | METASHI12 | MERTABIMULA | MAXIM| MAHLUNA | MOWKY | MELLOOOW_ | MAURICEWEBER | MILSCHBAUM | MOUZAKROBAT | MAILAND
70%
R REVEDTV | REZO | REZONFN | RONNYBERGER | REWINSIDE | RENEKREHER | REALMOJI | RUMATHRA | ROCKETBEANSTV
67%
T THEREALKNOSSI | TRYMACS | TOLKIN | TISISCHUBECH | TANZVERBOT | THEKLLER
67%
B BASTIGHG | BONJWA | BONJWACHILL | BONUSPLAYSLOTSGER | BONUSGAMESLOTGER
61%
G GRONKH | GAMERBROTHER | GIGGAND | GTASTY | GNU_LIVE | GRONKHTV| GAMESGERSLOTPLAY | GERPLAYSLOTBONUS
60%
H HANDOFBLOOD | HONEYPUU | H0LLYLP | HEIDELTRAUT
57%
E ELIASN97 | EDIZDERBREITE | ELOTRIX | EDOPEH | ECHTERALPHAKEVIN
48%
N NOWAY4U_SIR | NIKLASWILSON | NOOREAX
39%
F FIBII | FOOTBALLBROMANCE | FILOW
38%
Z ZARBEX
33%
D DOKTORFROID | DRACON | DEKARLDENT | DHALUCARD | DI1ARAAS| DELARUETV | DFB_OFFICIAL
32%
S STAIY | SKYLINETVLIVE | SCURROWS | SIDNEYEWEKA | SHLOROX | SPRICHKLARTEXT | SPONTENT | SHURJOKA | SOLOGESANG | SINAN_KNAST | SLOTSPLAYGAMESGER
29%
A ABUGOKU9999 | AMAR
27%
L LETSHUGOTV
18%
K KUBAFPS | KICKERESPORT | KUCHENTV | KNEBELTV | KDRKITTEN
16%
U UNSYMPATHISCH_TV
16%
X XROHAT | XTHESOLUTIONTV
13%
J JORDAN_SEMIH | JESSIROCKS | JENNYAN
11%
O ORANGEMORANGE
7%
V VADEAL
4%
C CALCIOBERLIN
3%
I ITSASSITV
1%
Q QUITELOLA
1%
Y YOLOLARYY
0%
Keine übereinstimmenden Quizze gefunden
Verteilung der Resultate
Anzahl Personen mit jedem Resultat
Perzentil nach korrekt beantworteten Fragen
Ihre Resultats-Entwicklung
Sie haben dieses Quiz noch nicht gespielt